000 00524nam a2200217Ia 4500
003 OSt
005 20220928140637.0
006 a|||||r|||| 00| 0
007 ta
008 220927b |||||||| |||| 00| 0 eng d
024 _a10365
037 _cTextual
040 _aSDCL
_cSDCL
_beng
041 _2eng
_aeng
082 _aO-,3M35x, M2
100 _aTwain Mark
_9421158
245 0 _aMississippi writings.
260 _c1982
942 _hO-,3M35x, M2
_cTEXL
_2CC
999 _c812887
_d812887